Statistiques concernant Quiz sur le Malawi

Cliquez ici pour prendre le quiz!

Statistiques générales

  • Ce quiz a été pris 1 957 fois
  • Le résultat moyen est 11 sur 20

Statistiques - réponses

QuestionRéponse% Correct
Pays européen qui a colonisé le MalawiRoyaume-Uni
91%
Pays frontaliersMozambique
90%
Pays frontaliersTanzanie
90%
Pays frontaliersZambie
89%
Religion la plus pratiquéeChristianisme
78%
Maladie qui touche 9.2% des adultes malawiensSIDA
76%
Le Malawi doit son nom à un grand ____ situé sur son territoireLac
73%
CapitaleLilongwe
69%
Secteur qui emploie 80% des malawiensAgriculture
68%
...qui abrite plus d'espèces de ____ que n'importe quel autrePoissons
58%
Le Malawi était le seul pays d'Afrique noire qui entretenait
des relations diplomatiques avec ce pays avant 1994
Afrique du Sud
53%
Objet représenté sur le drapeau du MalawiSoleil
52%
Système de failles qui traverse le Malawi de part en partVallée du Grand {Rift}
47%
Produit addictif qui représente 39% des exportations du MalawiTabac
46%
Chanteuse américaine qui a adopté deux enfants malawiensMadonna
44%
Explorateur écossais qui est le premier européen
à avoir visité ce qui est devenu le Malawi, en 1859
David Livingstone
30%
Ancien nom colonial du Malawi{Nyassa}land
20%
Capitale économique et deuxième plus grande ville du Malawi,
qui fut nommée d'après la ville de naissance de ce dernier
B{lantyre}
15%
Devise monétaire (qui a le même nom que celle de la Zambie)K{wacha}
15%
Langue la plus parlée et ethnie principale du MalawiChewa
13%

Distribution des résultats

Percentile par nombre de réponses

% des personnes avec chaque résultat

Votre développement - résultats

Vous n’avez pas pris ce quiz